Bestiario / (Record no. 5589)

MARC details
000 -CABECERA
campo de control de longitud fija 00664cam a22002414a 4500
003 - IDENTIFICADOR DEL NÚMERO DE CONTROL
campo de control UPN
005 - FECHA Y HORA DE LA ÚLTIMA TRANSACCIÓN
campo de control 20240806063837.0
008 - ELEMENTOS DE LONGITUD FIJA--INFORMACIÓN GENERAL
campo de control de longitud fija 991125s1994 mx a 000 1 spa d
020 ## - NÚMERO INTERNACIONAL NORMALIZADO PARA LIBROS
Número Internacional Estándar del Libro 9683910661
035 ## - NÚMERO DE CONTROL DEL SISTEMA
Número de control de sistema UPN01000005589
040 ## - FUENTE DE LA CATALOGACIÓN
Centro catalogador/agencia de origen UPN
Lengua de catalogación spa
Centro/agencia transcriptor UPN
049 ## - COLECCIÓN
Colección F
050 #4 - SIGNATURA TOPOGRÁFICA DE LA BIBLIOTECA DEL CONGRESO
Número de clasificación PQ7297 A796
Número de documento/Ítem B47
100 1# - ASIENTO PRINCIPAL--NOMBRE PERSONAL
Nombre de persona Arreola, Juan José,
Fechas asociadas al nombre 1918-2001
9 (RLIN) 28527
245 10 - MENCIÓN DE TÍTULO
Título Bestiario /
Mención de responsabilidad, etc. Juan José Arreda ; il. Héctor Xavier.
260 ## - PUBLICACIÓN, DISTRIBUCIÓN, ETC.
Lugar de publicación, distribución, etc. México :
Nombre del editor, distribuidor, etc. Alianza :
Lugar de publicación, distribución, etc. CNCA,
Fecha de publicación, distribución, etc. 1994.
300 ## - DESCRIPCIÓN FÍSICA
Extensión 93 p. :
Otras características físicas il.
490 0# - MENCIÓN DE SERIE
Mención de serie Alianza cien
650 #7 - ASIENTO SECUNDARIO DE MATERIA - TERMINO TEMATICO
Término de materia o nombre geográfico como elemento de entrada Animales en la literatura
Fuente del encabezamiento o término
9 (RLIN) 1055
650 #4 - ASIENTO SECUNDARIO DE MATERIA - TERMINO TEMATICO
Término de materia o nombre geográfico como elemento de entrada Literatura mexicana
9 (RLIN) 4466
905 ## - TIPO DE MATERIAL
Tipo de material Libro
942 ## - ELEMENTOS DE PUNTO DE ACCESO ADICIONAL (KOHA)
Fuente del sistema de clasificación o colocación Library of Congress Classification
Tipo de ítem Koha Libro
Holdings
Estado de retiro Estado de pérdida Fuente del sistema de clasificación o colocación Estado dañado No para préstamo Código de colección Localización permanente Ubicación/localización actual Ubicación en estantería Fecha de adquisición Enumeración/cronología de publicación seriada Clasificación Código de barras Fecha visto por última vez Tipo de ítem Koha
    Library of Congress Classification   Disponible (Préstamo en sala) Folletería Bib. Gregorio Torres Quintero Bib. Gregorio Torres Quintero Colecciones especiales Planta alta 18/02/2022 - PQ7297 A796 B47 139760 31/12/2020 Folleto